000 00287nam a22001337a 4500
020 _a9788172335151
041 _aENG
100 _aDas.N.R
245 _aTillage And Crop Production
260 _aJodhpur
_bScientific Pub
_c2008
300 _a292
650 _aFMP
856 _uFMP ( 04 )
999 _c1422
_d1422